<?xml version="1.0" encoding="UTF-8"?><?xml-stylesheet type="text/xsl" href="static/style.xsl"?><OAI-PMH xmlns="http://www.openarchives.org/OAI/2.0/" xmlns:xsi="http://www.w3.org/2001/XMLSchema-instance" xsi:schemaLocation="http://www.openarchives.org/OAI/2.0/ http://www.openarchives.org/OAI/2.0/OAI-PMH.xsd"><responseDate>2026-04-13T03:11:29Z</responseDate><request verb="GetRecord" identifier="oai:www.recercat.cat:2117/365130" metadataPrefix="marc">https://recercat.cat/oai/request</request><GetRecord><record><header><identifier>oai:recercat.cat:2117/365130</identifier><datestamp>2026-01-28T02:36:07Z</datestamp><setSpec>com_2072_1033</setSpec><setSpec>col_2072_452950</setSpec></header><metadata><record xmlns="http://www.loc.gov/MARC21/slim" xmlns:dcterms="http://purl.org/dc/terms/" xmlns:xsi="http://www.w3.org/2001/XMLSchema-instance" xmlns:doc="http://www.lyncode.com/xoai" xsi:schemaLocation="http://www.loc.gov/MARC21/slim http://www.loc.gov/standards/marcxml/schema/MARC21slim.xsd">
   <leader>00925njm 22002777a 4500</leader>
   <datafield ind2=" " ind1=" " tag="042">
      <subfield code="a">dc</subfield>
   </datafield>
   <datafield ind2=" " ind1=" " tag="720">
      <subfield code="a">Sánchez Balseca, Joseph</subfield>
      <subfield code="e">author</subfield>
   </datafield>
   <datafield ind2=" " ind1=" " tag="720">
      <subfield code="a">Pérez Foguet, Agustí</subfield>
      <subfield code="e">author</subfield>
   </datafield>
   <datafield ind2=" " ind1=" " tag="260">
      <subfield code="c">2022-03</subfield>
   </datafield>
   <datafield ind2=" " ind1=" " tag="520">
      <subfield code="a">The human mortality models with a demographic approach are performed in function of time. The addition of information (social, economic, and environmental) in the structure of demographic models allows fitting observed values better. Air pollution influences human mortality and could be used as an environmental covariate in the demographic models. The levels of air pollutants describe quantitatively the parts of a whole (air), called composition, and their statistical treatment should consider this characteristic in the modelling process. This article evaluated the association between human mortality data with levels of air pollutants as a composition using a spatially-structured model. The spatially-structured modelling approach in the human mortality data captures the spatial heterogeneity of air pollutant concentrations (local environmental conditions). Human mortality data is defined as the number of deaths, and in this work, it was analyzed with both total and disaggregated presentation. The disaggregation was by (i) sex and (ii) sex and age-group. A likelihood ratio test suggested the model with air pollutants as covariates treated under a compositional approach (proposed model) is more appropriate than the model based only on time explanatory variable in yearly basis. The proposed model was evaluated in 48 counties in Spain, each with its mortality and air pollution dataset. The modelling approach in this work presented adequate quality model indexes and could be applied to make short-term predictions with different air pollution scenarios.</subfield>
   </datafield>
   <datafield ind2=" " ind1=" " tag="520">
      <subfield code="a">Joseph Sánchez Balseca is the recipient of a full scholarship from the Secretaria de Educación Superior, Ciencia, Tecnología e Innovación (SENESCYT), Ecuador. We thank the research group on Engineering Sciences and Global Development (EScGD) and the Agència de Gestió d'Ajuts Universitaris i de Recerca de la Generalitat de Catalunya (Ref. 2017 SGR 1496).</subfield>
   </datafield>
   <datafield ind2=" " ind1=" " tag="520">
      <subfield code="a">Peer Reviewed</subfield>
   </datafield>
   <datafield ind2=" " ind1=" " tag="520">
      <subfield code="a">Postprint (author's final draft)</subfield>
   </datafield>
   <datafield tag="653" ind2=" " ind1=" ">
      <subfield code="a">Àrees temàtiques de la UPC::Desenvolupament humà i sostenible::Degradació ambiental::Contaminació atmosfèrica</subfield>
   </datafield>
   <datafield tag="653" ind2=" " ind1=" ">
      <subfield code="a">Àrees temàtiques de la UPC::Desenvolupament humà i sostenible::Desenvolupament humà::Salut</subfield>
   </datafield>
   <datafield tag="653" ind2=" " ind1=" ">
      <subfield code="a">Air--Pollution - Statistics</subfield>
   </datafield>
   <datafield tag="653" ind2=" " ind1=" ">
      <subfield code="a">Air pollution</subfield>
   </datafield>
   <datafield tag="653" ind2=" " ind1=" ">
      <subfield code="a">Environmental statistics</subfield>
   </datafield>
   <datafield tag="653" ind2=" " ind1=" ">
      <subfield code="a">Mortality</subfield>
   </datafield>
   <datafield tag="653" ind2=" " ind1=" ">
      <subfield code="a">Demographic</subfield>
   </datafield>
   <datafield tag="653" ind2=" " ind1=" ">
      <subfield code="a">Negative binomial</subfield>
   </datafield>
   <datafield tag="653" ind2=" " ind1=" ">
      <subfield code="a">CoDa</subfield>
   </datafield>
   <datafield tag="653" ind2=" " ind1=" ">
      <subfield code="a">Aire -- Contaminació -- Estadístiques</subfield>
   </datafield>
   <datafield ind2="0" ind1="0" tag="245">
      <subfield code="a">Spatially-structured human mortality modelling using air pollutants with a compositional approach</subfield>
   </datafield>
</record></metadata></record></GetRecord></OAI-PMH>